<?xml version="1.0" encoding="UTF-8"?>
<record
    xmlns:xsi="http://www.w3.org/2001/XMLSchema-instance"
    xsi:schemaLocation="http://www.loc.gov/MARC21/slim http://www.loc.gov/standards/marcxml/schema/MARC21slim.xsd"
    xmlns="http://www.loc.gov/MARC21/slim">

  <leader>02320cam a22003735a 4500</leader>
  <controlfield tag="001">18627345</controlfield>
  <controlfield tag="005">20160816121223.0</controlfield>
  <controlfield tag="008">150521s2016    njua   frb    001 0 eng d</controlfield>
  <datafield tag="010" ind1=" " ind2=" ">
    <subfield code="a">  2015020371</subfield>
  </datafield>
  <datafield tag="020" ind1=" " ind2=" ">
    <subfield code="a">9781118432150 (pbk.)</subfield>
  </datafield>
  <datafield tag="020" ind1=" " ind2=" ">
    <subfield code="a">1118432150  (pbk.)</subfield>
  </datafield>
  <datafield tag="035" ind1=" " ind2=" ">
    <subfield code="a">(DNLM)101659319</subfield>
  </datafield>
  <datafield tag="040" ind1=" " ind2=" ">
    <subfield code="a">DNLM/DLC</subfield>
    <subfield code="b">eng</subfield>
    <subfield code="c">DLC</subfield>
    <subfield code="d">EG-ScBUE</subfield>
  </datafield>
  <datafield tag="042" ind1=" " ind2=" ">
    <subfield code="a">pcc</subfield>
  </datafield>
  <datafield tag="060" ind1="1" ind2="0">
    <subfield code="a">WU 600</subfield>
  </datafield>
  <datafield tag="082" ind1="0" ind2="4">
    <subfield code="2">22</subfield>
    <subfield code="a">617.605</subfield>
    <subfield code="b">MAN</subfield>
  </datafield>
  <datafield tag="245" ind1="0" ind2="0">
    <subfield code="a">Manual of minor oral surgery for the general dentist /</subfield>
    <subfield code="c">edited by Pushkar Mehra, Richard D'Innocenzo.</subfield>
  </datafield>
  <datafield tag="250" ind1=" " ind2=" ">
    <subfield code="a">2nd ed.</subfield>
  </datafield>
  <datafield tag="260" ind1=" " ind2=" ">
    <subfield code="a">Hoboken, New Jersey :</subfield>
    <subfield code="b">Wiley Blackwell,</subfield>
    <subfield code="c">c.2016..</subfield>
  </datafield>
  <datafield tag="300" ind1=" " ind2=" ">
    <subfield code="a">viii, 299 :</subfield>
    <subfield code="b">col. ill. ;</subfield>
    <subfield code="c">24 cm.</subfield>
  </datafield>
  <datafield tag="500" ind1=" " ind2=" ">
    <subfield code="a">Preceded by: Manual of minor oral surgery for the general dentist / edited by Karl R. Koerner. c2006.</subfield>
  </datafield>
  <datafield tag="500" ind1=" " ind2=" ">
    <subfield code="a">Index : p. 295-299.</subfield>
  </datafield>
  <datafield tag="504" ind1=" " ind2=" ">
    <subfield code="a">Includes bibliographical references.</subfield>
  </datafield>
  <datafield tag="505" ind1="0" ind2=" ">
    <subfield code="a">Patient evaluation and history taking / Dale A. Baur, Andrew Bushey, and Diana Jee-Hyun Lyu -- Management of the patient with medical comorbidities / David W. Lui and David C. Stanton -- Minimal sedation for oral surgery and other dental procedures/ Kyle Kramer and Jeffrey Bennett -- Surgical extractions / Daniel Oreadi -- Third molar extractions / George Blakey -- Pre-prosthetic oral surgery / Antonia Kolokythas, Jason Jamali, and Michael Miloro -- Evaluation and biopsy technique for oral lesions / Marianela Gonzalez, Thomas C. Bourland, and Cesar A. Guerrero -- Surgical implantology / Alfonso Caiazzo and Frederico Brugnami -- Hard tissue augmentation for dental implants / Pamela Hughes -- Soft tissue surgery for dental implants / Hussam Batal -- Surgical crown lengthening / Serge Dibart -- Endodontic periradicular microsurgery / Louay Abrass -- Dentoaveloar trauma / Omar Abubaker and Din Lam -- Orofacial infections / Thomas R. Flynn -- Complications in minor oral surgery / Patrick J. Louis.</subfield>
  </datafield>
  <datafield tag="650" ind1=" " ind2="7">
    <subfield code="a">Oral Surgical Procedures  </subfield>
    <subfield code="x">methods.</subfield>
    <subfield code="2">BUEsh</subfield>
    <subfield code="9">40741</subfield>
  </datafield>
  <datafield tag="650" ind1=" " ind2="7">
    <subfield code="a">Minor Surgical Procedures</subfield>
    <subfield code="x">methods.</subfield>
    <subfield code="2">BUEsh</subfield>
    <subfield code="9">40761</subfield>
  </datafield>
  <datafield tag="650" ind1=" " ind2="7">
    <subfield code="a">Dentistry, Operative.</subfield>
    <subfield code="9">30617</subfield>
  </datafield>
  <datafield tag="650" ind1=" " ind2="7">
    <subfield code="a">Mouth</subfield>
    <subfield code="x">Surgery.</subfield>
    <subfield code="9">36856</subfield>
  </datafield>
  <datafield tag="651" ind1=" " ind2=" ">
    <subfield code="2">BUEsh</subfield>
  </datafield>
  <datafield tag="653" ind1=" " ind2=" ">
    <subfield code="b">DDent</subfield>
    <subfield code="c">August 2016	</subfield>
  </datafield>
  <datafield tag="700" ind1="1" ind2=" ">
    <subfield code="a">Mehra, Pushkar&#x200F; </subfield>
    <subfield code="e">editor.</subfield>
    <subfield code="9">40759</subfield>
  </datafield>
  <datafield tag="700" ind1="1" ind2=" ">
    <subfield code="a">D'Innocenzo, Richard&#x200F; </subfield>
    <subfield code="e">editor.</subfield>
    <subfield code="9">40760</subfield>
  </datafield>
  <datafield tag="942" ind1=" " ind2=" ">
    <subfield code="2">ddc</subfield>
    <subfield code="e">22</subfield>
    <subfield code="k">617.605 MAN</subfield>
  </datafield>
  <datafield tag="999" ind1=" " ind2=" ">
    <subfield code="c">22180</subfield>
    <subfield code="d">22152</subfield>
  </datafield>
  <datafield tag="952" ind1=" " ind2=" ">
    <subfield code="0">0</subfield>
    <subfield code="1">0</subfield>
    <subfield code="2">ddc</subfield>
    <subfield code="4">0</subfield>
    <subfield code="7">0</subfield>
    <subfield code="8">Academic</subfield>
    <subfield code="a">MAIN</subfield>
    <subfield code="b">MAIN</subfield>
    <subfield code="c">1ST</subfield>
    <subfield code="d">2016-08-16</subfield>
    <subfield code="e">Purchase</subfield>
    <subfield code="g">840.00</subfield>
    <subfield code="h">9126</subfield>
    <subfield code="l">2</subfield>
    <subfield code="m">61</subfield>
    <subfield code="o">617.605 MAN</subfield>
    <subfield code="p">000033197</subfield>
    <subfield code="r">2025-07-15 00:00:00</subfield>
    <subfield code="s">2020-11-22</subfield>
    <subfield code="v">1050.00</subfield>
    <subfield code="y">BB</subfield>
  </datafield>
</record>
